Riziká z prehlbovania technologickej priepasti medzi krajinami a dôsledky pre Slovensko
Nová bipolarita sveta - na krajiny, ktoré sú schopné držať krok s modernými technológiami a tie, ktoré sú neschopné ich využívať. Iniciatíva zo strany GB /USA, Kanada, Veľká Británia, Nemecko, Taliansko, Francúzsko, Japonsko, Rusko/ s cieľom zastaviť prehlbovanie technologickej priepasti medzi rozvo...
Guardado en:
| Autor principal: | |
|---|---|
| Formato: | Capítulo de libro |
| Lenguaje: | eslovaco |
| Materias: | |
| Etiquetas: |
Sin Etiquetas, Sea el primero en etiquetar este registro!
|
MARC
| LEADER | 00000naa$a2200000$$$4500 | ||
|---|---|---|---|
| 001 | 0002529 | ||
| 005 | 20230825103213.3 | ||
| 041 | 0 | |a slo | |
| 044 | |a SK | ||
| 245 | 1 | 0 | |a Riziká z prehlbovania technologickej priepasti medzi krajinami a dôsledky pre Slovensko |c aut. Peter Verček |
| 520 | |a Nová bipolarita sveta - na krajiny, ktoré sú schopné držať krok s modernými technológiami a tie, ktoré sú neschopné ich využívať. Iniciatíva zo strany GB /USA, Kanada, Veľká Británia, Nemecko, Taliansko, Francúzsko, Japonsko, Rusko/ s cieľom zastaviť prehlbovanie technologickej priepasti medzi rozvojovým a vyspelým svetom. Situácia v strednej a východnej Európe. Nutnosť liberalizácie telekomunikácií na Slovensku. | ||
| 610 | 2 | 0 | |a technológie informačné |
| 610 | 2 | 0 | |a technológie komunikačné |
| 610 | 2 | 0 | |a internet |
| 610 | 2 | 0 | |a telekomunikácie |
| 610 | 2 | 0 | |a krajiny rozvojové |
| 610 | 2 | 0 | |a krajiny vyspelé |
| 610 | 2 | 0 | |a SVE |
| 100 | 1 | |a Verček, Peter | |